[Event "Mistrzostwa Polski Juniorow do lat 16 - Chlopcy"]
[Site "Jastrzebia Gora"]
[Date "1899-12-30"]
[Round "4.5"]
[White "Jaskiewicz, Kacper"]
[Black "Fiszer, Bartosz"]
[Result "1/2-1/2"]
[WhiteTitle "I+"]
[BlackTitle "CM"]
[WhiteElo "2027"]
[BlackElo "2232"]

1. d4 Nf6 2. c4 g6 3. Nc3 Bg7 4. e4 d6 5. h3 O-O 6. Be3 e5 7. d5 Na6 8. g4 Nc5
9. f3 a5 10. Nge2 h5 11. Bg5 Qe8 12. Qd2 Nh7 13. gxh5 Nxg5 14. Qxg5 Kh7 15. Nc1
Bh6 16. Qh4 Kg7 17. Nd3 Nxd3+ 18. Bxd3 c6 19. Ke2 Bf4 20. Rag1 Rh8 21. Kd1 Bd7
22. Rg2 Qd8 23. Qxd8 Raxd8 24. Ne2 Rxh5 25. Nxf4 exf4 26. Rgh2 Kf6 27. Bf1 Rdh8
28. Rd2 c5 29. Rdh2 Ke5 30. Kd2 Kd4 31. Ke1 g5 32. Rg1 f6 33. Rgh1 Rh4 34. a3
R4h5 35. e5 Bf5 36. e6 Ke3 37. e7 Re8 38. Rd2 Rh7 39. Bg2 Bd3 40. Kd1 Rhxe7 41.
Bf1 Bf5 42. Bg2 Bd3 43. Bf1 Bf5 1/2-1/2

[Event "Mistrzostwa Polski Juniorow do lat 16 - Chlopcy"]
[Site "Jastrzebia Gora"]
[Date "1899-12-30"]
[Round "4.6"]
[White "Demski, Michal"]
[Black "Raczek, Krzysztof"]
[Result "1-0"]
[WhiteTitle "I+"]
[BlackTitle "k"]
[WhiteElo "2009"]
[BlackElo "2186"]

1. c4 Nf6 2. Nc3 c5 3. g3 g6 4. Bg2 Bg7 5. e3 O-O 6. Nge2 Nc6 7. O-O d6 8. d3 Bd7
9. Rb1 Rb8 10. a3 a6 11. b4 e6 12. Bd2 Qe7 13. bxc5 dxc5 14. Rb6 Nd8 15. Qb1 Ra8
16. Ne4 Rb8 17. N4c3 Ra8 18. Ne4 Ne8 19. Bc3 Bxc3 20. N4xc3 Nd6 21. Nf4 Rc8 22.
Qb2 f6 23. h4 Bc6 24. Bxc6 Nxc6 25. Ne4 Nxe4 26. Rxb7 Qd6 27. dxe4 Ne5 28. Qb6
Qxb6 29. Rxb6 Nxc4 30. Rxa6 Nd2 31. Rc1 Nxe4 32. Rxe6 f5 33. Nd5 Rcd8 34. Nf4
Rd2 35. Rxe4 fxe4 36. Rxc5 Ra8 37. Rc4 Re8 38. a4 Kf7 39. a5 Ra2 40. Rc5 Re7 41.
g4 Ra4 42. Nh3 Kg7 43. Nf4 Ra7 44. Ne6+ Kf6 45. Rc6 R4xa5 46. Ng5+ Kg7 47. Nxe4
Ra4 48. Re6 Rf7 49. Kg2 Ra2 50. Kg3 Ra1 51. Kg2 Ra2 52. g5 Rb2 53. Nf6 h5 54.
Rd6 Ra7 55. Ne4 Ra4 56. Kf3 Rb5 57. Re6 Kf7 58. Rf6+ Kg7 59. Nc3 Rxh4 60. Nxb5
Rg4 61. Nd4 Rxg5 62. Rd6 Rg1 63. Ne6+ Kh6 64. Nf4 h4 65. Rxg6+ Rxg6 66. Nxg6 Kxg6
67. Kg4 Kf6 68. Kxh4 Kf5 69. f4 Ke6 70. e4 Kf6 71. Kg4 Kg6 72. e5 Kf7 73. f5 1-0

[Event "Mistrzostwa Polski Juniorow do lat 16 - Chlopcy"]
[Site "Jastrzebia Gora"]
[Date "1899-12-30"]
[Round "4.7"]
[White "Meers, Hubert"]
[Black "Kubik, Rafal"]
[Result "1/2-1/2"]
[WhiteTitle "k"]
[BlackTitle "I++"]
[WhiteElo "2150"]
[BlackElo "1995"]

1. e4 c5 2. Nf3 d6 3. Bc4 g6 4. O-O Nf6 5. e5 dxe5 6. Nxe5 e6 7. Qf3 a6 8. d3 Bg7
9. Nc3 O-O 10. Bg5 h6 11. Bh4 g5 12. Bg3 Nbd7 13. Rfe1 Nb6 14. Rf1 Nbd7 15. Rfe1
Nb6 16. h4 Nbd5 17. hxg5 hxg5 18. Ne4 Nxe4 19. dxe4 Nf4 20. Rad1 Qe7 21. Bxf4
gxf4 22. Qh5 b5 23. Be2 Qf6 24. Ng4 Qg6 25. Qxc5 Bb7 26. Bf3 Rfc8 27. Qe7 Bc6
28. c3 a5 29. a3 Rab8 30. Qd6 Qg5 31. Rc1 Bf8 32. Qe5 Qxe5 33. Nxe5 Bg7 34. Nd3
Rd8 35. Red1 Kf8 36. Kf1 e5 37. Nc5 Ke7 38. Ke2 Bf8 39. Nb3 a4 40. Nc5 Kf6 41.
Nd3 Bd7 42. Nb4 Be6 43. Rxd8 Rxd8 44. Rd1 Rc8 45. Nd5+ Kg5 46. Ke1 f5 47. exf5
Kxf5 48. Nb6 Rc7 49. Rd8 Bc5 50. Nd5 Rg7 51. Rh8 Rg5 52. Nc7 Bc4 53. Na6 Bd6 54.
Rh5 Rxh5 55. Bxh5 e4 56. Nb4 Ke6 57. Nc2 Bc5 58. Be8 Kd6 59. Nb4 e3 1/2-1/2

[Event "Mistrzostwa Polski Juniorow do lat 16 - Chlopcy"]
[Site "Jastrzebia Gora"]
[Date "1899-12-30"]
[Round "4.8"]
[White "Grot, Blazej"]
[Black "Maslanka, Wojciech"]
[Result "1-0"]
[WhiteTitle "CM"]
[BlackTitle "k"]
[WhiteElo "1862"]
[BlackElo "2090"]

1. e4 c6 2. d4 d5 3. Nd2 dxe4 4. Nxe4 Nf6 5. Nxf6+ exf6 6. c3 Bd6 7. Bd3 O-O 8.
Ne2 Re8 9. O-O Nd7 10. Ng3 g6 11. Qf3 Bf8 12. Bf4 Nb6 13. Rfe1 Be6 14. Ne4 Nd5
15. Bd2 Bf5 16. Nc5 Bxd3 17. Nxd3 Qd7 18. h3 Rad8 19. Rad1 Qc8 20. Ra1 Qd7 21.
Rad1 Qc8 22. a4 Bg7 23. Nc5 f5 24. Bg5 Rxe1+ 25. Rxe1 Rf8 26. Bf4 b6 27. Nd3 Qa6
28. Qd1 Qc4 29. Be5 Re8 30. Bd6 Re4 31. f3 Rxe1+ 32. Qxe1 Nf6 33. Qe7 h6 34. Ne5
Qd5 35. Qd8+ Kh7 36. Be7 Qxd8 37. Bxd8 c5 38. dxc5 bxc5 39. Nc6 a6 40. Nb8 g5
1-0

[Event "Mistrzostwa Polski Juniorow do lat 16 - Chlopcy"]
[Site "Jastrzebia Gora"]
[Date "1899-12-30"]
[Round "4.9"]
[White "Madej, Marek"]
[Black "Musial, Igor"]
[Result "1/2-1/2"]
[WhiteTitle "I++"]
[BlackTitle "I"]
[WhiteElo "2052"]
[BlackElo "1825"]

1. e4 c5 2. Nf3 d6 3. d4 cxd4 4. Nxd4 Nf6 5. Nc3 a6 6. h3 e5 7. Nb3 Be6 8. f4 exf4
9. Bxf4 Nc6 10. Qe2 Nd7 11. O-O-O Nce5 12. Nd5 Bxd5 13. exd5 Be7 14. g4 O-O 15.
Nd4 Bg5 16. Qd2 Bxf4 17. Qxf4 Qa5 18. Kb1 Qxd5 19. Be2 Ng6 20. Qc1 Nde5 21. h4
Qe4 22. h5 Nf4 23. Nf5 h6 24. Bc4 Qxc4 25. Nxd6 Qb4 26. a3 Qa4 27. Rhe1 Nfd3 28.
cxd3 Rad8 29. Nf5 Qb5 30. Qc3 f6 31. d4 Nc6 32. Re4 Rfe8 33. Rxe8+ Rxe8 34. Nd6
Qe2 35. Qb3+ Qe6 36. Qxe6+ Rxe6 37. Nxb7 Ne7 38. Nc5 Rd6 39. Kc2 f5 40. gxf5 Nxf5
41. Kc3 g6 42. Ne4 Re6 43. Nc5 Rd6 44. b4 gxh5 45. a4 h4 46. b5 axb5 47. axb5
h3 48. Ne4 Re6 49. Nf2 Rd6 50. Nxh3 1/2-1/2

[Event "Mistrzostwa Polski Juniorow do lat 16 - Chlopcy"]
[Site "Jastrzebia Gora"]
[Date "1899-12-30"]
[Round "4.10"]
[White "Paszkowski, Krystian"]
[Black "Starosciak, Szymon"]
[Result "0-1"]
[WhiteTitle "I++"]
[BlackTitle "I++"]
[WhiteElo "1992"]
[BlackElo "2037"]

1. c4 c6 2. Nf3 d5 3. b3 Nf6 4. g3 g6 5. Bg2 Bg7 6. Bb2 O-O 7. O-O Nbd7 8. d4 Ne4
9. cxd5 cxd5 10. Nc3 Nxc3 11. Bxc3 Nf6 12. Ne5 Bf5 13. f3 Rc8 14. Rc1 Qb6 15.
Qd2 Qd8 16. Qd1 Qb6 17. Qd2 Nd7 18. Nxd7 Bxd7 19. Kh1 Rc6 20. e4 e6 21. Rfd1 Rfc8
22. e5 Qc7 23. Bb2 Rc2 24. Qd3 Bf8 25. Bf1 a6 26. a4 Bb4 27. Qe3 Qa5 28. Rxc2
Rxc2 29. Bc1 b5 30. Qg5 bxa4 31. bxa4 Bxa4 32. Bf4 Rxh2+ 33. Kxh2 Bxd1 34. Bg2
Qc7 35. Bc1 a5 36. Qe3 a4 37. Kh3 Bb3 38. Bf1 Bc4 39. Bg2 Qe7 40. Qh6 a3 41. f4
a2 42. Bb2 Bd3 43. g4 Bd2 44. Kg3 Bc1 45. Bc3 Qa3 46. Qh4 Qa8 47. Bf3 Bd2 48.
Bb2 Be1+ 0-1

[Event "Mistrzostwa Polski Juniorow do lat 16 - Chlopcy"]
[Site "Jastrzebia Gora"]
[Date "1899-12-30"]
[Round "4.11"]
[White "Klim, Filip"]
[Black "Nowak, Filip"]
[Result "1/2-1/2"]
[WhiteTitle "k"]
[BlackTitle "I"]
[WhiteElo "2083"]
[BlackElo "1893"]

1. e4 e5 2. Nf3 Nc6 3. Bc4 Bc5 4. c3 Nf6 5. d3 d6 6. Bb3 a5 7. Nbd2 O-O 8. O-O
h6 9. Re1 Be6 10. Nf1 Qb8 11. Be3 Bxe3 12. Nxe3 Bxb3 13. axb3 Re8 14. Nh4 Ne7
15. Qf3 Qc8 16. d4 Nh7 17. dxe5 dxe5 18. Qg3 Qe6 19. Nhf5 Nxf5 20. exf5 Qxb3 21.
Ng4 Ra6 22. Nxe5 Qxb2 23. Nc4 Rxe1+ 24. Rxe1 Qb5 25. Qxc7 Nf8 26. Ne5 Rf6 27.
Qc8 a4 28. c4 Qb4 29. Nd3 Qd6 30. Re8 b6 31. Rd8 Qe7 32. Re8 Qd6 33. Rd8 Qe7 1/2-1/2

[Event "Mistrzostwa Polski Juniorow do lat 16 - Chlopcy"]
[Site "Jastrzebia Gora"]
[Date "1899-12-30"]
[Round "4.12"]
[White "Kutowski, Marcel"]
[Black "Trzebinski, Patryk"]
[Result "1/2-1/2"]
[WhiteTitle "I++"]
[BlackTitle "I++"]
[WhiteElo "2070"]
[BlackElo "1826"]

1. e4 c5 2. Nf3 d6 3. d4 cxd4 4. Nxd4 Nf6 5. Nc3 e5 6. Nb3 Be6 7. Bg5 Nbd7 8. Bb5
Be7 9. O-O O-O 10. Bxd7 Qxd7 11. Qd3 Rac8 12. Rfe1 Ne8 13. Bxe7 Qxe7 14. Rad1
f5 15. Nd2 g6 16. f3 Rc6 17. Nd5 Bxd5 18. Qxd5+ Qf7 19. Qd3 Qe7 20. Qd5+ Qf7 21.
Qxf7+ Kxf7 22. c4 Nc7 23. f4 Re8 24. exf5 gxf5 25. Nf3 exf4 26. Rxe8 Kxe8 27.
b3 Ke7 28. Nd4 Rc5 29. Rf1 Ne6 30. Nxe6 Kxe6 31. Rxf4 d5 32. cxd5+ Rxd5 33. Rf2
Rd1+ 34. Rf1 Rxf1+ 35. Kxf1 Ke5 36. Kf2 Ke4 37. Ke2 Kd4 38. Kf3 Kc3 39. Kf4 Kb2
40. Kxf5 Kxa2 41. g4 Kxb3 42. g5 Kc3 43. h4 b5 44. h5 b4 45. Kg4 b3 46. g6 hxg6
47. h6 b2 48. h7 b1=Q 49. h8=Q+ Kd2 50. Qd4+ Ke2 51. Qe5+ Kd3 52. Qd6+ Kc3 53.
Qc5+ 1/2-1/2

[Event "Mistrzostwa Polski Juniorow do lat 16 - Chlopcy"]
[Site "Jastrzebia Gora"]
[Date "1899-12-30"]
[Round "4.13"]
[White "Duda, Szymon"]
[Black "Kejna, Piotr"]
[Result "1/2-1/2"]
[WhiteTitle "I+"]
[BlackTitle "CM"]
[WhiteElo "1768"]
[BlackElo "2027"]

1. d4 Nf6 2. c4 e5 3. dxe5 Ng4 4. Bf4 Nc6 5. Nf3 Bb4+ 6. Nbd2 Qe7 7. e3 Ngxe5 8.
Nxe5 Nxe5 9. Be2 O-O 10. O-O Bxd2 11. Qxd2 d6 12. Rfd1 b6 13. b4 Bb7 14. Rac1
Nd7 15. Qb2 Rab8 16. Rd2 Rfe8 17. Rcd1 Qe6 18. Qc2 Nf6 19. Rd4 Rbc8 20. c5 dxc5
21. bxc5 Qc6 22. Bf3 Ne4 23. Bxe4 Rxe4 24. Qxe4 Qxe4 25. Rd8+ Qe8 26. Rxe8+ Rxe8
27. Rd7 Rc8 28. cxb6 axb6 29. Bxc7 Bc6 30. Rd8+ Rxd8 31. Bxd8 b5 32. a3 f6 33.
f3 Bd5 34. Kf2 Kf7 35. e4 Bc4 36. Ke3 Ke6 37. g4 g6 38. h4 h5 39. Kf4 Bd3 40.
Ba5 Bc2 41. Bc3 Bd3 42. Ke3 1/2-1/2

[Event "Mistrzostwa Polski Juniorow do lat 16 - Chlopcy"]
[Site "Jastrzebia Gora"]
[Date "1899-12-30"]
[Round "4.14"]
[White "Lonski, Aleksander"]
[Black "Krawczyk, Flawian"]
[Result "0-1"]
[WhiteTitle "I"]
[BlackTitle "CM"]
[WhiteElo "1707"]
[BlackElo "1988"]

1. e4 c5 2. c4 g6 3. Nc3 Bg7 4. Nge2 Nc6 5. d3 d6 6. h3 e6 7. g3 Nge7 8. Bg2 O-O
9. O-O a6 10. Be3 Nd4 11. Qd2 Rb8 12. Bh6 b5 13. Bxg7 Kxg7 14. Nxd4 cxd4 15. Ne2
e5 16. b3 f5 17. cxb5 Rxb5 18. f4 Qa5 19. Qb2 Be6 20. Kh2 Qb6 21. Rac1 Rf7 22.
Qc2 a5 23. Qc7 Qxc7 24. Rxc7 a4 25. bxa4 Ra5 26. Nc1 Rxa4 27. Rf2 h5 28. h4 fxe4
29. dxe4 Ra3 30. Rfc2 Ng8 31. fxe5 dxe5 32. R7c5 Nf6 33. Bh3 Bxh3 34. Kxh3 Nxe4
35. Rxe5 Nf2+ 36. Kg2 Ng4 37. Rce2 Nxe5 38. Rxe5 Rc7 39. Nb3 Rc2+ 0-1

[Event "Mistrzostwa Polski Juniorow do lat 16 - Chlopcy"]
[Site "Jastrzebia Gora"]
[Date "1899-12-30"]
[Round "4.15"]
[White "Malinowski, Szymon"]
[Black "Marek, Grzegorz"]
[Result "1-0"]
[WhiteTitle "I++"]
[BlackTitle "I"]
[WhiteElo "1946"]
[BlackElo "1657"]

1. d4 Nf6 2. Nf3 d5 3. Bf4 c5 4. e3 Nc6 5. Be2 Bg4 6. O-O e6 7. c3 Bd6 8. Bg5 h6
9. Bh4 O-O 10. Nbd2 a6 11. Bd3 Be7 12. Qb1 c4 13. Bc2 b5 14. a3 a5 15. h3 Bxf3
16. Nxf3 Nd7 17. Bxe7 Qxe7 18. e4 b4 19. Re1 Nb6 20. exd5 Nxd5 21. Ba4 Qd6 22.
Qe4 Rfc8 23. Bc2 Nf6 24. Qh4 bxc3 25. bxc3 Ne7 26. Ne5 Ned5 27. Qg3 Rab8 28. Qf3
Qc7 29. g4 Ne8 30. h4 Nd6 31. a4 Qe7 32. Qg3 Rf8 33. Nc6 Qd7 34. Nxb8 Rxb8 35.
Rab1 Rf8 36. f4 Kh8 37. g5 h5 38. g6 fxg6 39. Qxg6 Nf6 40. Re5 Kg8 41. Rxa5 Qc6
42. Rg5 Rf7 43. Rb8+ Nde8 44. Re5 Kf8 45. Qg2 Qd6 46. Rb7 Nc7 47. Bg6 Re7 48.
Rb8+ Nce8 49. Rbb5 Qa3 50. Qb2 Qxa4 51. Qc2 Qa1+ 52. Kg2 Ra7 53. Rb2 Nd5 54. Bxe8
Kxe8 55. Qg6+ Kd8 56. Rxd5+ exd5 57. Qd6+ Ke8 58. Rb8+ 1-0

[Event "Mistrzostwa Polski Juniorow do lat 16 - Chlopcy"]
[Site "Jastrzebia Gora"]
[Date "1899-12-30"]
[Round "4.16"]
[White "Brozynski, Patryk"]
[Black "Stanislawski, Karol"]
[Result "1/2-1/2"]
[WhiteTitle "II+"]
[BlackTitle "I"]
[WhiteElo "1910"]
[BlackElo "1844"]

1. e4 c5 2. Nf3 g6 3. d4 cxd4 4. Nxd4 Bg7 5. Be3 Nc6 6. Nc3 Nf6 7. Nxc6 bxc6 8.
e5 Ng8 9. Bd4 c5 10. Bxc5 Qc7 11. Bd4 Bxe5 12. Be2 Bb7 13. Bxe5 Qxe5 14. O-O Nf6
15. Re1 Qc5 16. Bf3 Bxf3 17. Qxf3 O-O 18. Rad1 Rab8 19. h3 Rfe8 20. b3 d6 21.
Re2 Rbc8 22. Nd5 Nxd5 23. Rxd5 Qc6 24. Qd3 Rcd8 25. c4 Qb6 26. h4 e6 27. Rb5 Qc7
28. h5 Qe7 29. hxg6 hxg6 30. Re3 Kg7 31. Qc3+ e5 32. Rd5 Rh8 33. Rdd3 Rh5 34.
Rh3 Rdh8 35. Rxh5 Rxh5 36. Qd2 Qh4 37. Rh3 Qf6 38. Rxh5 gxh5 39. Qe3 a6 40. b4
Qf5 41. a3 Qc2 42. c5 f6 43. Kh2 d5 44. Qh3 d4 45. Qd7+ Kh6 46. c6 Qxf2 47. c7
Qf4+ 48. Kh3 Qe3+ 49. Kh2 Qf4+ 50. Kg1 Qe3+ 51. Kh1 Qc1+ 52. Kh2 Qf4+ 53. g3 1/2-1/2

[Event "Mistrzostwa Polski Juniorow do lat 16 - Chlopcy"]
[Site "Jastrzebia Gora"]
[Date "1899-12-30"]
[Round "4.17"]
[White "Ptaszynski, Szymon"]
[Black "Kusiak, Mateusz"]
[Result "1-0"]
[WhiteTitle "I"]
[BlackTitle "I++"]
[WhiteElo "1764"]
[BlackElo "1909"]

1. d4 Nf6 2. c4 c5 3. d5 e6 4. Nc3 exd5 5. cxd5 d6 6. e4 g6 7. f4 Bg7 8. Bb5+ Nfd7
9. a4 O-O 10. Nf3 Na6 11. O-O Nb4 12. Bc4 Re8 13. Re1 a6 14. h3 f5 15. e5 b5 16.
axb5 Nb6 17. b3 Bb7 18. bxa6 Nxc4 19. bxc4 Bxa6 20. Qe2 g5 21. Nxg5 dxe5 22. Qh5
h6 23. Qf7+ Kh8 24. Ne6 Rxe6 25. Qxe6 Nc2 26. Rxa6 Rxa6 27. Qxa6 Nxe1 28. Bd2
Nd3 29. fxe5 f4 30. Ne2 Qf8 31. Qd6 Qf5 32. Qb8+ Kh7 33. Qb1 Qg6 34. Qf1 Nxe5
35. Nxf4 Qe4 36. Ne6 Qxc4 37. Nxg7 Qd4+ 38. Qf2 Kxg7 39. Qxd4 cxd4 40. Bf4 Ng6
41. g3 Kf6 42. Kf2 h5 43. Kf3 Kf5 44. d6 Nf8 45. g4+ hxg4+ 46. hxg4+ Kf6 47. Ke4
Ne6 48. g5+ Kf7 49. Ke5 d3 50. g6+ 1-0

[Event "Mistrzostwa Polski Juniorow do lat 16 - Chlopcy"]
[Site "Jastrzebia Gora"]
[Date "1899-12-30"]
[Round "4.18"]
[White "Borowik, Wojciech"]
[Black "Stepinski, Piotr"]
[Result "1/2-1/2"]
[WhiteTitle "I++"]
[BlackTitle "I"]
[WhiteElo "1890"]
[BlackElo "1759"]

1. d4 d5 2. c4 c5 3. cxd5 Qxd5 4. Nf3 cxd4 5. Nc3 Qa5 6. Nxd4 Nf6 7. Nb3 Qh5 8.
f3 Bd7 9. e4 e6 10. Be3 Bb4 11. Be2 Nc6 12. O-O Bxc3 13. bxc3 O-O 14. Rb1 b6 15.
c4 Rfd8 16. Qe1 Qg6 17. c5 Be8 18. Qc3 Nd7 19. Rfc1 h6 20. Kh1 Rac8 21. Ba6 Rc7
22. cxb6 axb6 23. Bb5 Rdc8 24. Bxc6 e5 25. Qb4 Rxc6 26. Rxc6 Rxc6 27. Rc1 Rxc1+
28. Nxc1 Qe6 29. Kg1 f6 30. Kf2 Bf7 31. Nb3 Qc6 32. a4 Kh7 33. Kg3 h5 34. h4 Kg6
35. Kh2 Kh7 36. Kg3 Kg6 37. Kh2 Kh7 38. Kg1 Kg8 39. Kf2 Kh7 40. Kg3 Kg8 41. a5
bxa5 42. Nxa5 Qe6 43. Qb7 Nf8 44. Qb8 Qe8 45. Qb6 Qe6 46. Qc5 Nd7 47. Qc7 Nf8
48. Nc6 Qd7 49. Ne7+ Kh7 50. Qxd7 Nxd7 1/2-1/2

[Event "Mistrzostwa Polski Juniorow do lat 16 - Chlopcy"]
[Site "Jastrzebia Gora"]
[Date "1899-12-30"]
[Round "4.19"]
[White "Ugorek, Kacper"]
[Black "Przybylski, Bartosz"]
[Result "1-0"]
[WhiteTitle "I"]
[BlackTitle "I"]
[WhiteElo "1650"]
[BlackElo "1868"]

1. c4 e6 2. d4 d5 3. Nf3 Nf6 4. g3 dxc4 5. Bg2 c6 6. O-O b5 7. b3 cxb3 8. axb3
Bb7 9. Bb2 Be7 10. Nbd2 Nbd7 11. Ne5 Qb6 12. Nxd7 Nxd7 13. d5 Bf6 14. Bxf6 Nxf6
15. dxe6 fxe6 16. Ne4 O-O 17. Qd6 Nxe4 18. Qxe6+ Kh8 19. Qxe4 Rae8 20. Qc2 a6
21. e3 Rc8 22. b4 Rf7 23. Rfd1 Rcf8 24. Rd2 Qc7 25. Qc3 Qc8 26. Rc1 Rf6 27. f4
Qe8 28. e4 Qh5 29. e5 Rg6 30. Bf3 Rh6 31. Qc5 Re8 32. Rcc2 Qf5 33. Qe3 Qf8 34.
Qc3 Qf5 35. Qe3 Qf8 36. Rc5 Rd8 37. Rxd8 Qxd8 38. Rc2 Qf8 39. Qd4 Re6 40. Rd2
g6 41. Qd8 Kg8 42. Qxf8+ Kxf8 43. Kf2 Re7 44. Ke3 Ke8 45. Rc2 Kd7 46. Bg4+ Kc7
47. Kd4 Re8 48. e6 Kd6 49. Rd2 Rd8 50. Ke4+ Ke7 51. Rxd8 Kxd8 52. Kd4 Ke7 53.
Kc5 h5 54. Bh3 Ba8 55. Kb6 Kd6 56. Bg2 Kxe6 57. Kxa6 Kf5 58. Bf3 c5 59. Bxa8 cxb4
60. Bd5 g5 61. fxg5 Kxg5 62. h3 Kf5 63. Kxb5 Ke5 64. Bb3 1-0

[Event "Mistrzostwa Polski Juniorow do lat 16 - Chlopcy"]
[Site "Jastrzebia Gora"]
[Date "1899-12-30"]
[Round "4.20"]
[White "Szymkiewicz, Witold"]
[Black "Gbiorczyk, Mikolaj"]
[Result "0-1"]
[WhiteTitle "I+"]
[BlackTitle "I+"]
[WhiteElo "1754"]
[BlackElo "1853"]

1. d4 Nf6 2. c4 c5 3. d5 b5 4. cxb5 a6 5. e3 g6 6. Nc3 Bg7 7. Nf3 O-O 8. Be2 axb5
9. Bxb5 Ba6 10. Qe2 Qb6 11. Bxa6 Qxa6 12. Qxa6 Nxa6 13. Ke2 d6 14. Bd2 Rfb8 15.
b3 Nb4 16. e4 Ra3 17. Bc1 Ra6 18. Bd2 Ne8 19. a4 Nc7 20. Rab1 Rab6 21. Rb2 Nba6
22. Rhb1 Rb4 23. Kd3 f5 24. exf5 gxf5 25. g3 Bf6 26. h3 Kf7 27. Kc2 R4b7 28. Kd3
Nb4+ 29. Kc4 Bxc3 30. Bxc3 Nbxd5 31. h4 h6 32. Bd2 e5 33. Ne1 e4 34. b4 Nb6+ 35.
Kb3 c4+ 36. Kc3 d5 37. Ra2 Ra8 38. Rba1 Rba7 39. Bf4 Nb5+ 40. axb5 Rxa2 41. Rxa2
Rxa2 42. Be3 Na4+ 43. Kd4 Ke6 44. Ng2 Ra3 45. Nf4+ Kd6 46. h5 Nc3 0-1

[Event "Mistrzostwa Polski Juniorow do lat 16 - Chlopcy"]
[Site "Jastrzebia Gora"]
[Date "1899-12-30"]
[Round "4.21"]
[White "Rozek, Michal"]
[Black "Kazmierowski, Tymon"]
[Result "1/2-1/2"]
[WhiteTitle "I"]
[BlackTitle "I++"]
[WhiteElo "1591"]
[BlackElo "1998"]

1. e4 c5 2. Nf3 d6 3. d4 cxd4 4. Nxd4 Nf6 5. f3 e5 6. Nb3 Be6 7. c4 Nbd7 8. Be3
Rc8 9. Na3 a6 10. Rc1 Be7 11. Be2 O-O 12. O-O Qc7 13. Qd2 Rfd8 14. Rfd1 Qb8 15.
Bf1 Nc5 16. Qf2 Nfd7 17. Nd2 f5 18. exf5 Bxf5 19. b4 Nd3 20. Bxd3 Bxd3 21. Ne4
Bxe4 22. fxe4 Rf8 23. Qd2 Nf6 24. h3 Kh8 25. Qd3 h6 26. b5 Qc7 27. Rb1 axb5 28.
Nxb5 Qxc4 29. Nxd6 Bxd6 30. Qxc4 Rxc4 31. Rxd6 Rxe4 32. Ba7 Rf7 33. Rdb6 Ra4 34.
Bb8 Rxa2 35. Rxb7 Rxb7 36. Rxb7 e4 37. Be5 Kg8 38. Bxf6 gxf6 39. Re7 Ra4 40. Kf2
Ra2+ 41. Kg3 Re2 42. Kh2 Kf8 43. Rh7 e3 44. Rxh6 Rf2 45. Kg1 Kg7 46. Rh4 f5 47.
Ra4 Kf6 48. h4 Rb2 49. Kf1 Rf2+ 50. Kg1 f4 51. h5 Kg5 52. Ra5+ Kh6 53. Rf5 Rd2
54. Kf1 Rd4 55. Ke2 Ra4 56. Kf3 Rb4 57. g3 fxg3 58. Re5 Rb3 59. Kxg3 e2+ 1/2-1/2

[Event "Mistrzostwa Polski Juniorow do lat 16 - Chlopcy"]
[Site "Jastrzebia Gora"]
[Date "1899-12-30"]
[Round "4.22"]
[White "Pancewicz, Szymon"]
[Black "Wandor, Adam"]
[Result "1-0"]
[WhiteTitle "I+"]
[BlackTitle "II+"]
[WhiteElo "1909"]
[BlackElo "1641"]

1. d4 d5 2. c4 e6 3. Nc3 f5 4. Bf4 Nf6 5. e3 Be7 6. Nf3 O-O 7. Bd3 c6 8. O-O Qe8
9. Ne5 Nh5 10. h3 Nxf4 11. exf4 Nd7 12. Qe2 Nxe5 13. Qxe5 Bf6 14. Qe3 Qf7 15.
Rfe1 Bd7 16. Ne2 g6 17. Rad1 b6 18. b3 a6 19. Kh1 b5 20. Ng1 h6 21. Nf3 Kh7 22.
Ne5 Bxe5 23. Qxe5 Rac8 24. Qd6 Rfe8 25. Qa3 Ra8 26. Re5 Qe7 27. Qa5 Qd8 28. Qc3
a5 29. Rde1 b4 30. Qb2 Kg7 31. R5e2 Qc7 32. g3 g5 33. fxg5 hxg5 34. Qc1 Qd8 35.
cxd5 cxd5 36. Rc2 Rc8 37. Rxc8 Bxc8 38. Qc5 Bd7 39. Qd6 Qc8 40. g4 Rh8 41. Qe7+
Kg6 42. Bxf5+ exf5 43. Qd6+ 1-0

[Event "Mistrzostwa Polski Juniorow do lat 16 - Chlopcy"]
[Site "Jastrzebia Gora"]
[Date "1899-12-30"]
[Round "4.23"]
[White "Murawski, Milosz"]
[Black "Wierzbicki, Dawid"]
[Result "0-1"]
[WhiteTitle "I"]
[BlackTitle "I"]
[WhiteElo "1691"]
[BlackElo "1766"]

1. Nf3 g6 2. e4 Bg7 3. d4 d6 4. Bc4 e6 5. O-O Ne7 6. c3 O-O 7. Be3 b6 8. Nbd2 Bb7
9. Qc2 c5 10. Rfd1 Qc7 11. Bb3 Nd7 12. Bf4 b5 13. a4 a6 14. dxc5 Nxc5 15. Bg3
Qc6 16. Nd4 Qb6 17. a5 Qc7 18. f3 Rac8 19. Nf1 Rfd8 20. Ne3 Ba8 21. Ba2 Qa7 22.
Kh1 b4 23. Qd2 bxc3 24. bxc3 e5 25. Ndc2 Bxe4 26. fxe4 Nxe4 27. Qd3 Nxc3 28. Rf1
Nxa2 29. Rxa2 d5 30. Bh4 e4 31. Qa3 Bf8 32. Bf6 d4 33. Ng4 d3 34. Qc1 dxc2 35.
Rxc2 Rxc2 36. Qxc2 e3 37. Qe2 Rd2 38. Qxe3 Qxe3 39. Nxe3 Nd5 40. Nxd5 Rxd5 41.
Re1 Rf5 42. Bc3 Rc5 43. Re3 f5 44. g3 Kf7 45. Kg2 Rd5 46. Kf3 Bc5 47. Re5 Rd3+
48. Ke2 Rxc3 49. Kd2 Rc4 50. Kd3 Rd4+ 0-1

[Event "Mistrzostwa Polski Juniorow do lat 16 - Chlopcy"]
[Site "Jastrzebia Gora"]
[Date "1899-12-30"]
[Round "4.24"]
[White "Sliz, Karol"]
[Black "Jaworski, Tymon"]
[Result "1/2-1/2"]
[WhiteTitle "I"]
[BlackTitle "I+"]
[WhiteElo "1672"]
[BlackElo "1825"]

1. e4 e5 2. Bc4 Nf6 3. d3 c6 4. Nf3 d5 5. Bb3 a5 6. a4 Bb4+ 7. c3 Bd6 8. Nbd2 O-O
9. O-O dxe4 10. dxe4 b5 11. Re1 Qc7 12. Nf1 Nbd7 13. Ng3 Nc5 14. Bc2 h6 15. Nh4
Bg4 16. f3 Be6 17. Nhf5 Rfd8 18. Nxd6 Rxd6 19. Qe2 Bc4 20. Qf2 Nd3 21. Bxd3 Rxd3
22. Nf5 Ne8 23. Qc5 Kh7 24. Be3 f6 25. h4 Nd6 26. axb5 Bxb5 27. Nxd6 Qxd6 28.
Qxd6 Rxd6 29. b3 Rd3 30. c4 Ba6 31. Rxa5 Rxb3 32. Kf2 Rb2+ 33. Kg3 Bb7 34. Rxa8
Bxa8 35. Ra1 Bb7 36. Ra7 Kg6 37. Bc5 h5 38. Bd6 Kh7 39. c5 Rb3 40. Bc7 Bc8 41.
Bb6 Rd3 42. Ra8 Be6 43. Bc7 Bc4 44. Bd6 Rd2 45. Ra1 Bb5 46. Bf8 Kg8 47. Bd6 Kh7
48. Bf8 Rd8 49. Bd6 Re8 50. Ra7 Kh6 51. Kf2 g5 52. hxg5+ Kxg5 53. Rg7+ Kh6 54.
Ra7 Kg6 55. Ra1 Kg5 56. Kg3 h4+ 57. Kf2 Rh8 58. Bc7 Rh7 59. Bd6 Rh8 60. Bc7 Bc4
61. Ba5 Kg6 62. Rd1 Ra8 63. Ra1 Ra7 64. Kg1 Rd7 65. Kh2 Be6 66. Be1 Kg5 67. Ra6
Rc7 68. Bd2+ Kg6 69. Ba5 Rc8 70. Ra7 Bc4 71. Be1 Rb8 72. Bxh4 Rh8 73. Kg3 Rg8
74. Kf2 Rd8 75. Kg1 Rd1+ 76. Kh2 Rd2 77. Ra1 Be2 78. Kg1 Rd1+ 79. Rxd1 Bxd1 80.
Kf2 Kf7 81. Ke1 Bb3 82. Ke2 Ke6 83. Ke3 Bc2 84. Be1 Ba4 85. Bc3 Bb3 86. g3 Ba4
87. Bb2 Bb3 88. Ke2 Ba4 89. f4 exf4 90. gxf4 f5 91. Kd3 fxe4+ 92. Kxe4 Bc2+ 93.
Kf3 Kf5 94. Be5 Be4+ 95. Kg3 Bd5 96. Bd6 1/2-1/2

[Event "Mistrzostwa Polski Juniorow do lat 16 - Chlopcy"]
[Site "Jastrzebia Gora"]
[Date "1899-12-30"]
[Round "5.2"]
[White "Dziewonski, Dariusz"]
[Black "Grot, Blazej"]
[Result "1-0"]
[WhiteTitle "k"]
[BlackTitle "CM"]
[WhiteElo "2237"]
[BlackElo "1862"]

1. e4 c5 2. Nf3 e6 3. d4 cxd4 4. Nxd4 Nf6 5. Nc3 d6 6. f4 Be7 7. Be3 O-O 8. Qf3
Nbd7 9. O-O-O Qc7 10. g4 Nc5 11. g5 Nfd7 12. f5 Ne5 13. Qg3 Rd8 14. h4 a6 15.
f6 Bf8 16. h5 b5 17. a3 Bb7 18. Qh4 Rac8 19. Be2 d5 20. g6 Nxe4 21. Nxe4 dxe4
22. gxf7+ Nxf7 23. c3 Bxa3 24. Kb1 Bxb2 25. Qg4 Ne5 26. Qxe6+ Nf7 27. Rdg1 Qa5
28. Rxg7+ Kh8 29. Rxh7+ 1-0

[Event "Mistrzostwa Polski Juniorow do lat 16 - Chlopcy"]
[Site "Jastrzebia Gora"]
[Date "1899-12-30"]
[Round "5.3"]
[White "Starosciak, Szymon"]
[Black "Demski, Michal"]
[Result "1/2-1/2"]
[WhiteTitle "I++"]
[BlackTitle "I+"]
[WhiteElo "2037"]
[BlackElo "2009"]

1. Nf3 d6 2. d4 Bg4 3. e4 Nf6 4. Nc3 c6 5. a4 e6 6. Bd3 Be7 7. h3 Bh5 8. Qe2 d5
9. exd5 cxd5 10. Qe3 Nc6 11. Ne2 Bg6 12. Bxg6 hxg6 13. O-O Rc8 14. c3 Na5 15.
Nf4 Ne4 16. Nd3 Nb3 17. Ra2 a6 18. Nfe5 Qa5 19. f3 Ng3 20. Re1 Nf5 21. Qe2 O-O
22. g4 Nh4 23. Bf4 b5 24. Qd1 f6 25. Nd7 Rfd8 26. Bg3 g5 27. Bxh4 gxh4 28. Qxb3
Rxd7 29. Rxe6 Qc7 30. f4 b4 31. cxb4 a5 32. b5 Qc4 33. Qxc4 Rxc4 34. Nc5 Bxc5
35. dxc5 Rxc5 36. Ra3 Rc2 37. Rc3 Rxb2 38. Rd3 Rb4 39. b6 Rxa4 40. Re8+ 1/2-1/2